Представление документа в формате MARC21

Поле Инд. ПП Название Значение
Тип записи a
Библиографический уровень m
001 Контрольный номер c466c2cd-acb5-4141-9ea9-83cc5e69f1ff
005 Дата корректировки 20220620103519.0
008 Кодируемые данные 070615
020 a ISBN 5-98808-002-3
040 a Служба первич. каталог. НБ ТвГУ
041 0_ a Код языка текста rus
080 a Индекс УДК 1(470)(091)
084 a Индекс другой классификации/Индекс ББК Ю3(2)62
090 x Авторский знак Щ 36
a Полочн. индекс Ю3(2)62
100 1_ a Автор Щедровицкий Георгий Петрович
e Роль лиц Автор
245 10 a Заглавие Организационно-деятельностная игра
n Номер части/ раздела (2)
b Продолж. заглавия сборник текстов
c Ответственность Г. П. Щедровицкий
260 0_ a Место издания Москва
b Издательство Наследие ММК
c Дата издания 2005
300 a Объем 319 с.
b Иллюстрации/ тип воспроизводства ил.
440 _0 a Серия Из архива Г. П. Щедровицкого
v N тома т. 9
504 a Библиография Библиогр.: с. 302-306 и в конце разд.
653 0_ a Ключевые слова История России
a Ключевые слова Русская философия
a Ключевые слова Философия
a Ключевые слова История философии
a Ключевые слова Организационно-деятельностная игра
700 1_ a Другие авторы Давыдова Г. А.
e Роль лиц ред. сер.
852 41 i Расстановочный признак Проверка 2022
901 t Тип документа m
920 a Оператор Поля
a Оператор Петр
930 a Новая/Ретро ретро
952 c Вид литературы К рн
954 a Дата поступления на обработку 20070921
e Дата перешифровки 20220214
954 a Дата поступления на обработку 20220620